লালনের ধর্ম / (Record no. 2244)

MARC details
000 -LEADER
fixed length control field 00848nam a2200217 a 4500
003 - CONTROL NUMBER IDENTIFIER
control field BD-DhJNU
005 - DATE AND TIME OF LATEST TRANSACTION
control field 20251012051636.0
008 - FIXED-LENGTH DATA ELEMENTS--GENERAL INFORMATION
fixed length control field 240708s2002 bg |||g |||| 000 1|ben|d
020 ## - INTERNATIONAL STANDARD BOOK NUMBER
International Standard Book Number 9789849817215
040 ## - CATALOGING SOURCE
Original cataloging agency BD-DhJNU
Language of cataloging ben
Transcribing agency BD-DhJNU
Modifying agency BD-DhJNU
041 ## - LANGUAGE CODE
Language code of text/sound track or separate title ben
082 ## - DEWEY DECIMAL CLASSIFICATION NUMBER
Classification number 294.50954 HOL
Edition number 23
100 ## - MAIN ENTRY--PERSONAL NAME
Personal name হোসেন, আবু ইসহাক
245 10 - TITLE STATEMENT
Title লালনের ধর্ম /
Statement of responsibility, etc. আবু ইসহাক হোসেন
246 ## - VARYING FORM OF TITLE
Title proper/short title Laloner Dhormo
260 ## - PUBLICATION, DISTRIBUTION, ETC.
Place of publication, distribution, etc. ঢাকা :
Name of publisher, distributor, etc. হাওলাদার প্রকাশনী,
Date of publication, distribution, etc. 2024.
300 ## - PHYSICAL DESCRIPTION
Extent ৩০৪ পৃ. :
Other physical details চিত্র ;
Dimensions ২২ সেমি.।
504 ## - BIBLIOGRAPHY, ETC. NOTE
Bibliography, etc. note গ্রন্থপঞ্জিগত নির্দেশিকা অন্তভূক্ত
650 ## - SUBJECT ADDED ENTRY--TOPICAL TERM
Topical term or geographic name entry element বাউল দর্শন--Baul philosophy
942 ## - ADDED ENTRY ELEMENTS (KOHA)
Koha item type Books
Holdings
Withdrawn status Lost status Source of classification or shelving scheme Damaged status Not for loan Collection Home library Current library Shelving location Date acquired Source of acquisition Total checkouts Full call number Barcode Date last seen Copy number Price effective from Koha item type
    Dewey Decimal Classification     Non-fiction Jagannath University Central Library Jagannath University Central Library General stacks 10/12/2025 Purchased   294.50954 HOL JNUCL35782 10/12/2025 1 10/12/2025 Books